| 000 | 00619nam a2200229Ia 4500 | ||
|---|---|---|---|
| 003 | OSt | ||
| 005 | 20221006164944.0 | ||
| 006 | a|||||r|||| 00| 0 | ||
| 007 | ta | ||
| 008 | 221006b |||||||| |||| 00| 0 eng d | ||
| 024 | _a2,214 | ||
| 037 | _cTextual | ||
| 040 |
_aFML _cFML _beng |
||
| 041 |
_2eng _aeng |
||
| 082 | _aNR44, Q0 | ||
| 100 | _aRamakrishna Lalita Au. | ||
| 245 | 0 |
_aSamapradaya Sangita _b Indian Classical Music Tradition |
|
| 260 |
_aDelhi _bB R Rhythms _c2010 |
||
| 300 |
_a264 _ccm. |
||
| 942 |
_hNR44, Q0 _cTEXL _2CC |
||
| 999 |
_c1119061 _d1119061 |
||